000 00536nam a2200169 a 4500
001 7594
003 CO-ViMGA
008 141112s2004 ck r 000 u spa d
040 _aCO-ViMGA
_bspa
_cCO-ViMGA
082 0 4 _a333.91 C656
245 1 0 _aColombia y el agua :
_btres aspectos, la cienaga grande de santa marta, la laguna de Sonsa, en Buga, Colombia y la conferencia del mar de plata
260 _aBogotá :
_bFescol,
_c1989
300 _a78 p
490 _aFescol, 5
650 1 4 _aAGUA - RECURSOS NATURALES
_96982
942 _2ddc
_cBK
999 _c19540
_d19540